Những vấn đề lịch sử xã hội nguyên thủy

Saved in:
Bibliographic Details
Main Author: Viện Hàn lâm Khoa học Liên-xô
Format: Book
Language:Undetermined
Published: Hà Nội Giáo dục 1963
Subjects:
Tags: Add Tag
No Tags, Be the first to tag this record!
Institutions: Trung tâm Học liệu Trường Đại học Cần Thơ
LEADER 00603nam a2200169Ia 4500
001 CTU_10629
008 210402s9999 xx 000 0 und d
082 |a 930.10282 
082 |b A313 
100 |a Viện Hàn lâm Khoa học Liên-xô 
245 0 |a Những vấn đề lịch sử xã hội nguyên thủy 
245 0 |c Viện Hàn lâm Khoa học Liên-xô; Dịch giả: Đặng Công Lý 
260 |a Hà Nội 
260 |b Giáo dục 
260 |c 1963 
650 |a anthropology,archaeology,ethnology 
980 |a Trung tâm Học liệu Trường Đại học Cần Thơ